Benny and the important job, Roley and the woodland walk / (Record no. 7004)
[ view plain ]
| 000 -LEADER | |
|---|---|
| fixed length control field | 01674nam a22002777a 4500 |
| 001 - CONTROL NUMBER | |
| control field | 7004 |
| 003 - CONTROL NUMBER IDENTIFIER | |
| control field | FISKH |
| 005 - DATE AND TIME OF LATEST TRANSACTION | |
| control field | 20250617103018.0 |
| 008 - FIXED-LENGTH DATA ELEMENTS--GENERAL INFORMATION | |
| fixed length control field | 250617b cb ||||| |||| 00| 0 eng d |
| 020 ## - INTERNATIONAL STANDARD BOOK NUMBER | |
| International Standard Book Number | 9780603563805 |
| 040 ## - CATALOGING SOURCE | |
| Original cataloging agency | FISKH |
| Language of cataloging | eng |
| Transcribing agency | FISKH |
| Modifying agency | FISKH |
| 050 ## - LIBRARY OF CONGRESS CALL NUMBER | |
| Classification number | PZ7 |
| 082 ## - DEWEY DECIMAL CLASSIFICATION NUMBER | |
| Classification number | 627.8 |
| 100 ## - MAIN ENTRY--PERSONAL NAME | |
| Personal name | Smith, Jerry |
| 245 ## - TITLE STATEMENT | |
| Title | Benny and the important job, Roley and the woodland walk / |
| 260 ## - PUBLICATION, DISTRIBUTION, ETC. | |
| Place of publication, distribution, etc. | Great Britains : |
| Name of publisher, distributor, etc. | Egmont |
| Date of publication, distribution, etc. | 2008. |
| 300 ## - PHYSICAL DESCRIPTION | |
| Extent | 60 pages : |
| Other physical details | color illustrations ; |
| Dimensions | 23 x 26 cm |
| 505 ## - FORMATTED CONTENTS NOTE | |
| Formatted contents note | J<br/> |
| 520 ## - SUMMARY, ETC. | |
| Summary, etc. | Benny & the Important Job :<br/>Bob and the crew are working on building a new house for the Bentleys at the base of a hill in Sunflower Valley. Benny, a smaller digger, is eager to help—he really wants to prove himself. Throughout the day, he keeps asking to take on tasks suited for bigger machines. In the end, Benny gets a chance to complete a meaningful part of the project when he’s entrusted with an important job that's perfect for his size and skills—boosting his confidence and teaching him that everyone has a valuable role. Roley’s :<br/>Although not always included in every edition, many of these 2-in-1 books feature a Roley tale. In one version, Roley sleep-rolls through town after a long day, almost causing trouble. The team comes together, gently wakes him, and safely brings him back—highlighting teamwork, care for friends, and the importance of looking out for each other |
| 521 8# - TARGET AUDIENCE NOTE | |
| Target audience note | 430<br/> |
| Source | Lexile estimate<br/> |
| 521 8# - TARGET AUDIENCE NOTE | |
| Target audience note | J<br/> |
| Source | Raz-Plus<br/> |
| 650 ## - SUBJECT ADDED ENTRY--TOPICAL TERM | |
| Topical term or geographic name entry element | Construction |
| Form subdivision | Teamwork |
| General subdivision | Machines |
| 650 ## - SUBJECT ADDED ENTRY--TOPICAL TERM | |
| Topical term or geographic name entry element | Friendship |
| Form subdivision | Problem Solving |
| General subdivision | Confidence |
| 942 ## - ADDED ENTRY ELEMENTS (KOHA) | |
| Source of classification or shelving scheme | Dewey Decimal Classification |
| Koha item type | Books |
| Suppress in OPAC | No |
| Withdrawn status | Lost status | Source of classification or shelving scheme | Damaged status | Not for loan | Collection | Home library | Current library | Shelving location | Date acquired | Total Checkouts | Full call number | Barcode | Date last seen | Copy number | Price effective from | Koha item type |
|---|---|---|---|---|---|---|---|---|---|---|---|---|---|---|---|---|
| Dewey Decimal Classification | Juvenile Fiction | Footprints International School Library Network Toul Kork Campus | Footprints International School Library Network Toul Kork Campus | TK Primary Library Room(4th Floor), Bookcase 1&2, Shelves 1-16, Dark Blue Books | 06/17/2025 | SMIT 627.8 PZ7 | FISBT00077 | 06/17/2025 | 1 | 06/17/2025 | Books |
